| 000 | 02637cam a22005774i 4500 | ||
|---|---|---|---|
| 003 | PE-LiUPU | ||
| 005 | 20250731165501.0 | ||
| 008 | 150623s2000 mx r 000 0 d | ||
| 020 | _a9701702557 | ||
| 035 | _a(Sirsi) i9789701702550 | ||
| 040 |
_aPE-LiUPU _bspa _cPE-LiUPU _erda |
||
| 049 | _aPRUA | ||
| 082 | 0 | 4 |
_a025.04 _bM12 _221 |
| 100 | 1 |
_aMcLeod, Raymond, _eautor. |
|
| 245 | 1 | 0 |
_aSistemas de información gerencial / _cRaymond McLeod. |
| 264 | 1 |
_aMéxico : _bPrentice Hall Hispanoamericana, _c2000. |
|
| 300 |
_a655 páginas : _bilustraciones, cuadros, diagrámas ; _c27 centímetros |
||
| 336 |
_atext _2rdacontent |
||
| 337 |
_aunmediated _2rdamedia |
||
| 338 |
_avolume _2rdacarrier |
||
| 504 | _aIncluye bibliografía. | ||
| 505 | 0 | _aLa computadora como sistema de información organizacional -- El enfoque actual en el uso de los sistemas de información -- Teoría y metodología de sistemas -- La computadora como herramienta para resolver problemas -- El sistema de información basado en computadoras -- Sistemas de información organizacionales. | |
| 526 | _aSEG44 | ||
| 526 | _aSEG26 | ||
| 526 | _aP151 | ||
| 526 | _aP150 | ||
| 526 | _aP149 | ||
| 526 | _aP146 | ||
| 526 | _aP145 | ||
| 526 | _aP126 | ||
| 526 | _aP125 | ||
| 526 | _aP92 | ||
| 526 | _aP75 | ||
| 526 | _aP74 | ||
| 526 | _aP27 | ||
| 526 | _aP15 | ||
| 650 | 0 | 4 | _aSistemas de información en administración. |
| 910 |
_atqv _d20161021 |
||
| 942 |
_2ddc _cBOOK |
||
| 949 |
_a025.04 M12 _wDEWEY _c1 _i50385 _lCCODEBUL1 _mBUL _r0 _sY _tBOOK _u2015-6-24 _xINGENIERIA _zUNKNOWN _0COMPRA _o.STAFF. Colección General |
||
| 949 |
_a025.04 M12 2000 _wDEWEY _c1 _iFJ00581 _lCCODEBUJ1 _mBUJ _p17.35 _r0 _sY _tBOOK _u2016-10-21 _xINGENIERIA _PP27 _0COMPRA _o.STAFF. Colección General Juliaca |
||
| 949 |
_a025.04 M12 _wDEWEY _c2 _i46332 _lDISCARD _mBUL _p17.35 _r0 _sY _tBOOK _u2015-6-24 _xINGENIERIA _zUNKNOWN _0COMPRA _o.STAFF. Colección General |
||
| 994 |
_aC0 _bPEPRU |
||
| 596 | _a1 3 | ||
| 999 |
_a025.04 M12 _wDEWEY _c23106 _i50385 _d23106 _e2018-4-12 _f2021-11-4 _g7 _lCCODEBUL1 _mBUL _n2 _q3 _r0 _sY _tBOOK _u2015-6-24 _xBIBLIOTECA _zUNKNOWN _0COMPRA _o.STAFF. Colección General |
||
| 999 |
_a025.04 M12 _wDEWEY _c2 _i46332 _lDISCARD _mBUL _p17.35 _r0 _sY _tBOOK _u2015-6-24 _xINGENIERIA _zUNKNOWN _0COMPRA _o.STAFF. Colección General |
||
| 999 |
_a025.04 M12 2000 _wDEWEY _c1 _iFJ00581 _d2018-11-12 _e2018-5-25 _f2021-12-27 _g4 _lCCODEBUJ1 _mBUJ _n1 _p17.35 _q3 _r0 _sY _tBOOK _u2016-10-21 _xINGENIERIA _PP27 _0COMPRA _o.STAFF. Colección General Juliaca |
||
| 980 |
_81 _gALBERTO SANCHEZ Responsable de Automatización |
||